60 Second Blitz: 'M' & 'N' States Quiz Stats

 Plays Quiz Updated Nov 6, 2018

Support Sporcle.
Go Orange.
Score 0/16 Timer 01:00
1 Play Today
% Correct
New York
85.7%
North Dakota
81.3%
Minnesota
80.8%
Montana
79.8%
North Carolina
79.4%
Maine
78.5%
New Mexico
77.7%
Michigan
77.4%
% Correct
New Jersey
77.3%
Mississippi
75.4%
Nevada
73.8%
Nebraska
73.3%
New Hampshire
73.2%
Missouri
71.9%
Massachusetts
64.1%
Maryland
61.8%

From the Vault

4-Letter Geography

by oldkent

Having only 4 letters doesn't necessarily make these countries and capitals easier to spell.
Remove Ads.
Support Sporcle.
Get the best of Sporcle when you Go Orange. This ad-free experience offers more features, more stats, and more fun while also helping to support Sporcle. Thank you for becoming a member.

Show Comments

Extras

Top Quizzes Today


Score Distribution

Your Account Isn't Verified!

In order to create a playlist on Sporcle, you need to verify the email address you used during registration. Go to your Sporcle Settings to finish the process.

Report this User

Report this user for behavior that violates our Community Guidelines.

Details: